000 00924cab a2200277 4500
001 ABS58010
008 090401t1997 xxu||||| |||| 00| 0 eng d
035 _a(Sirsi) u82572
041 _aeng
100 _aKing, V.
245 4 _aThe 1954 goes to PACT
260 _c1997
350 _a0
490 _aRent Review & Lease Renewal
_v17(4) 1997, 322-327(6)
520 _aExamines how the RICS/Law Society Professional Arbitration on Court Terms (PACT) scheme works, and how it is hoped it will improve decisions in lease renewals.
650 _aACCESS TO JUSTICE
650 _aLANDLORD AND TENANT ACT 1954
650 _aLAW SOCIETY
650 _aLEASE RENEWAL
650 _aPACT
650 _aPROFESSIONAL ARBITRATION ON COURT TERMS
650 _aRICS
690 _aMANAGEMENT-DISPUTE AVOIDANCE, MANAGEMENT AND RESOLUTION-DISPUTE MANAGEMENT AND RESOLUTION-ARBITRATION
942 _n0
948 _c10/12/1997
999 _c52144
_d52144